000 01175nam a22003257a 4500
003 CHAP
005 20220329134304.0
008 971013s1973 r 00010 d
010 _a18184
011 _a19156
035 _a23241
040 _cCHAP
090 _aTesis
100 0 0 _aDeras Figueroa, Carlos.
_931857
245 _aEvaluación de cuatro insecticidas en el combate de la palomilla de girasol (Homoeosoma electellum, Hulst) y la mosquita del girasol (Neolasióptera murtfeldtiana, Felt) en Apodaca, N.L.
260 _aMonterrey, N.L. :
_bEl Autor,
_c1973
300 _a84 h.
502 _aTesis (Ing. Agr. Fitotecnista) -- ITESM. Div. de Ciencias Agropecuarias y Marítimas
590 _aALEPH
_b10
_c20130110
_lUCH01
_h1241
590 _aBATCH-UPD
_b10
_c20130109
_lUCH01
_h2312
590 _aBATCH-UPD
_b10
_c20130110
_lUCH01
_h0103
590 _aBATCH-UPD
_b10
_c20130110
_lUCH01
_h2147
590 _aCONVERSION
_b10
_c20130109
_lUCH01
_h1311
650 1 4 _aGirasol
_xPlagas.
_948168
650 1 4 _aNeolasioptera murtfeldtiana.
_980854
650 1 4 _aPalomilla del girasol.
_985017
901 _aBK
942 _cTESIS
949 _bBC
_cTES
_d-54175
_eTS1
_i23241
_si
999 _c18184
_d18184